Foresters stay independent (Record no. 104360)

MARC details
000 -LEADER
fixed length control field 01135cam a2200181 4500
001 - CONTROL NUMBER
control field L130128
008 - FIXED-LENGTH DATA ELEMENTS--GENERAL INFORMATION
fixed length control field 050627n2005 000 0 eng u
035 ## - SYSTEM CONTROL NUMBER
System control number (Sirsi) u130128
041 ## - LANGUAGE CODE
Language code of text/sound track or separate title eng
110 ## - MAIN ENTRY--CORPORATE NAME
Corporate name or jurisdiction name as entry element Royal Institution of Chartered Surveyors
9 (RLIN) 4900
245 ## - TITLE STATEMENT
Title Foresters stay independent
Remainder of title ICF vote no to RICS merger
260 ## - PUBLICATION, DISTRIBUTION, ETC.
Date of publication, distribution, etc. 2005
520 ## - SUMMARY, ETC.
Summary, etc. Members of the Institute of Chartered Foresters (ICF) voted at their AGM on 23 June 2005 on the issue of winding-up ICF and transferring its entire membership to RICS. Although a clear majority (64%) voted to support the merger, the result fell short of the 75% required by the ICF constitution to effect change. The merger planned for 1 January 2006 will not now go ahead.
590 ## - LOCAL NOTE (RLIN)
Local note IKA040705
690 ## - LOCAL SUBJECT ADDED ENTRY--TOPICAL TERM (OCLC, RLIN)
Topical term or geographic name as entry element ABOUT RICS-RICS STRUCTURE AND GOVERNANCE-RICS CORPORATE MANAGEMENT-RICS MERGERS-CHARTERED INSTITUTE OF FORESTERS MERGER
856 ## - ELECTRONIC LOCATION AND ACCESS
Uniform Resource Identifier <a href="https://www.rics.org/AboutRICS/RICSstructureandgovernance/RICScorporatemanagement/RICSstrategicalliances/InstituteofCharteredForestersmerger/icf_vote_pr240605.htm">https://www.rics.org/AboutRICS/RICSstructureandgovernance/RICScorporatemanagement/RICSstrategicalliances/InstituteofCharteredForestersmerger/icf_vote_pr240605.htm</a>
Public note View the item free of charge at www.rics.org...
942 ## - ADDED ENTRY ELEMENTS (KOHA)
Suppress in OPAC 0
Holdings
Withdrawn status Lost status Source of classification or shelving scheme Damaged status Not for loan Home library Current library Shelving location Date acquired Total Checkouts Full call number Barcode Date last seen Copy number Price effective from Koha item type
    Dewey Decimal Classification     Virtual Virtual Online 28/06/2005   ONLINE PUBLICATION 130128-2001 06/08/2019 1 06/08/2019 Journal article